00342pab a2200133 454500008004000000100002200040245004500062260000900107300001400116362000800130650001400138700002300152773003300175180718b2005 xxu||||| |||| 00| 0 eng d aParrado, Emilio A aMigration and gender among Mexican women c2005 ap.606-32. aAug aMigration aFlippen, Chenoa A. aAmerican Sociological Review